ბათუმის შოთა რუსთაველის სახელმწიფო უნივერსიტეტის ბიბლიოთეკა

Color atlas of cytology, histology, and microscopic anatomy / (ბიბ.ჩანაწერი № 50518)

000 -LEADER
fixed length control field 01850cam a22004454a 4500
001 - CONTROL NUMBER
control field 13402012
005 - DATE AND TIME OF LATEST TRANSACTION
control field 20200217173521.0
008 - FIXED-LENGTH DATA ELEMENTS--GENERAL INFORMATION
fixed length control field 030606s2003 gw a 001 0 eng
010 ## - LIBRARY OF CONGRESS CONTROL NUMBER
LC control number 2003278510
020 ## - INTERNATIONAL STANDARD BOOK NUMBER
International Standard Book Number 1588901750 (New York)
020 ## - INTERNATIONAL STANDARD BOOK NUMBER
International Standard Book Number 3135624048 (Stuttgart)
040 ## - CATALOGING SOURCE
Original cataloging agency DLC
Transcribing agency DLC
Modifying agency DLC
041 1# - LANGUAGE CODE
Language code of text/sound track or separate title eng
Language code of original ger
042 ## - AUTHENTICATION CODE
Authentication code pcc
050 00 - LIBRARY OF CONGRESS CALL NUMBER
Classification number QM557
Item number .K8513 2003
080 ## - UNIVERSAL DECIMAL CLASSIFICATION NUMBER
Universal Decimal Classification number 576(084.4) K-89
100 1# - MAIN ENTRY--PERSONAL NAME
Personal name Kühnel, Wolfgang,
Dates associated with a name 1934-
9 (RLIN) 7123
240 10 - UNIFORM TITLE
Uniform title Taschenatlas der Zytologie, Histologie, und mikroskopischen Anatomie.
Language of a work English
245 10 - TITLE STATEMENT
Title Color atlas of cytology, histology, and microscopic anatomy /
Statement of responsibility, etc. Wolfgang Kuehnel ; [translated by Ursula Peter-Czichi].
246 30 - VARYING FORM OF TITLE
Title proper/short title Cytology, histology, and microscopic anatomy
250 ## - EDITION STATEMENT
Edition statement 4th ed., rev. and enl.
260 ## - PUBLICATION, DISTRIBUTION, ETC.
Place of publication, distribution, etc. Stuttgart ;
-- New York :
Name of publisher, distributor, etc. Thieme,
Date of publication, distribution, etc. c2003.
300 ## - PHYSICAL DESCRIPTION
Extent ix, 534 p. :
Other physical details ill. (chiefly col.) ;
Dimensions 19 cm.
440 #0 - SERIES STATEMENT/ADDED ENTRY--TITLE
Title Thieme flexibook
9 (RLIN) 7124
500 ## - GENERAL NOTE
General note Rev. ed. of: Pocket atlas of cytology, histology, and microscopic anatomy. 3rd ed., rev. and enl. 1992.
500 ## - GENERAL NOTE
General note "Authorized translation of the 11th German ed. ... 2002"--T.p. verso.
500 ## - GENERAL NOTE
General note Includes index.
650 #0 - SUBJECT ADDED ENTRY--TOPICAL TERM
Topical term or geographic name entry element Histology
Form subdivision Atlases.
9 (RLIN) 7125
650 #0 - SUBJECT ADDED ENTRY--TOPICAL TERM
Topical term or geographic name entry element Cytology
Form subdivision Atlases.
9 (RLIN) 7126
650 12 - SUBJECT ADDED ENTRY--TOPICAL TERM
Topical term or geographic name entry element Cells
General subdivision ultrastructure
Form subdivision Atlases.
9 (RLIN) 7127
650 22 - SUBJECT ADDED ENTRY--TOPICAL TERM
Topical term or geographic name entry element Histology
Form subdivision Atlases.
9 (RLIN) 7125
653 ## - INDEX TERM--UNCONTROLLED
keyword ციტოლოგია
653 ## - INDEX TERM--UNCONTROLLED
keyword ჰისტოლოგია
653 ## - INDEX TERM--UNCONTROLLED
keyword ანატომიის ფერადი ატლასი
700 1# - ADDED ENTRY--PERSONAL NAME
Personal name Kühnel, Wolfgang,
Dates associated with a name 1934-
Title of a work Pocket atlas of cytology, histology, and microscopic anatomy.
9 (RLIN) 7128
856 42 - ELECTRONIC LOCATION AND ACCESS
Materials specified Book review (E-STREAMS)
Uniform Resource Identifier http://www.e-streams.com/es0703/es0703_3057.html
906 ## - LOCAL DATA ELEMENT F, LDF (RLIN)
a 7
b cbc
c origcop
d 3
e ncip
f 20
g y-gencatlg
942 ## - ADDED ENTRY ELEMENTS (KOHA)
Source of classification or shelving scheme
Koha item type წიგნი
ეგზემპლარები
Withdrawn status Lost status Source of classification or shelving scheme Damaged status Not for loan Permanent Location Current Location Shelving location Date acquired Cost, normal purchase price Full call number Barcode Date last seen Copy number Price effective from Koha item type Public note
          ბათუმის შოთა რუსთაველის სახელმწიფო უნივერსიტეტის მთავარი ბიბლიოთეკა ბათუმის შოთა რუსთაველის სახელმწიფო უნივერსიტეტის მთავარი ბიბლიოთეკა წიგნსაცავი 2018-12-17 150.00 576(084.4) K-89 658 2018-12-17 658 2018-12-17 წიგნი 150 ლ.
          ბათუმის შოთა რუსთაველის სახელმწიფო უნივერსიტეტის მთავარი ბიბლიოთეკა ბათუმის შოთა რუსთაველის სახელმწიფო უნივერსიტეტის მთავარი ბიბლიოთეკა წიგნსაცავი 2018-12-17 150.00 576(084.4) K-89 659 2018-12-17 659 2018-12-17 წიგნი 150 ლ.